| 000 | 00580nam a2200217 a 4500 | ||
|---|---|---|---|
| 005 | 20140310183245.0 | ||
| 008 | 040831s19uu xx 00 eng d | ||
| 020 | _a0-534-59818-8 | ||
| 050 |
_aRA 776 _b.H148 2004 |
||
| 100 | _aHales, Dianne | ||
| 245 |
_aAn invitation to health/. _cDianne Hales |
||
| 250 | _a3rd ed. | ||
| 260 |
_aAustralia : _bThomson, _c2004. |
||
| 300 |
_a440 p. : _bcol. ill. ; _c28 cm |
||
| 500 | _aIncludes glossary and index. | ||
| 521 | _aNUR | ||
| 650 | _aHealth. | ||
| 650 | _aSelf-care, health. | ||
| 942 |
_cBK _2lcc _kFOR |
||
| 999 |
_c20678 _d20678 |
||